000 00475nam a2200157 4500
001 133053
003 ES-MaACL
005 20230906194320.0
007 t|
008 070214s1911 it r ||||1| ita d
100 1 _aRossetti, Carlo.
_999853
245 1 3 _aLa conservazione della fauna indigena nei paesi nuovi /
_cCarlo Rossetti.
260 _aRoma :
_bIstituto Coloniale Italiano,
_c1911.
710 2 _aIstituto Coloniale Italiano.
_95294
852 _aES-MaACL
_jT-1362-F-12
999 _c133053
_d133053